00517nam a2200193 a 4500001001300000003000900013005001700022008004100039020002300080082001700103100001900120245004500139260005000184300000900234500003500243505001000278650001600288700001900304nice12345678IN_TiNIC20260116014034.0070417s2005 cama grp 000 0 eng  a0521803322 c99500a340.59bHAL3 aHallaq, Wael B aThe Origins and Evolution of Islamic Law aCambridge bCambridge University Press c2005 a234p aincludes index and biblioraphy2 aIndex aIslamic-Law1 aHallaq, Wael B